000
00309nam a22001337a 4500
020
_a
978-0-143-41457-5
082
_a
001
_b
BRY/A
100
_a
BRYAN, KIM
245
_a
ASK ME ANYTHING
260
_a
GREAT BRITAIN
_b
DK LIMITED
_c
2009
300
_a
301
650
_a
GENERAL KNOWLEDGE
_z
GREAT BRITAIN
942
_c
BK
999
_c
1859
_d
1859